000 00728cam a2200241 a 4500
001 000011294
005 20260224132158.0
008 800204s1981 sp 001 0 spa
020 _a8430205209
040 _aDO-SdBNP
_cDLC
_dDLC
082 _a616.61
_bS618r, 1981
100 1 _aSintes Pros Jorge
_926885
245 1 0 _aRégimen y cocina para curar las enfermedades de los riñones /
_cJorge Sintes Pros.
250 _a2a ed.
260 _aBarcelona :
_bSintes,
_c1981.
300 _a296 p. ;
_c22 cm.
490 1 _aBiblioteca naturista
650 0 _aEnfermedades renales
_918208
650 4 _aDieta para enfermos
_926886
830 0 _aBiblioteca naturista ;
_926755
910 _aCatalogación derivada
049 _aBNGR
999 _c11003
_d11003